Reflexión y análisis del proceso de descentralización en Chile

-д хадгалсан:
Номзүйн дэлгэрэнгүй
Байгууллагын зохиогч: Ministerio de Planificación y Cooperación (Зохиогч)
Формат: Ном
Хэл сонгох:испани
Хэвлэсэн: Santiago MIDEPLAN 1998
Хэвлэл:1a. ed
Нөхцлүүд:
Шошгууд: Шошго нэмэх
Шошго байхгүй, Энэхүү баримтыг шошголох эхний хүн болох!

MARC

LEADER 00000nam a2200000 a 4500
001 UCH2104
003 CL-VaPUC
008 090528e19980000CL |||||||||||||||||spa|d
020 |a 9567463441 
082 0 4 |a 352.283  |b MIN  |2 21 
110 2 |a Ministerio de Planificación y Cooperación  |e author  |9 536758 
245 1 0 |a Reflexión y análisis del proceso de descentralización en Chile 
250 |a 1a. ed 
300 |a 342 p 
942 |c BK 
945 |d 20090528 00:00:00  |a rbrito 
260 |a Santiago  |b MIDEPLAN  |c 1998 
650 0 |a Descentralización administrativa (administración descentralizada)  |9 255464 
650 0 |a Regionalización   |9 255465 
650 0 |a Administración pública   |9 255343 
650 0 |a Finanzas públicas   |9 358992 
650 0 |a Planificación regional   |9 257050 
651 7 |a CHILE  |2 CL-VaPUC  |9 536759 
583 |a last modification  |c 20190908 06:49:57  |k Rodrigo Vera 
999 |c 333928  |d 333926 
952 |0 0  |1 0  |4 0  |6 352_283000000000000_MIN_1998  |7 0  |8 A  |9 422599  |a BIBING  |b BIBING  |d 2019-11-22  |i 4553462  |o 352.283 MIN 1998  |p 4553462  |r 2025-01-20  |w 2019-11-22  |y BK  |k GEO